| 000 | 00825nam a22002417a 4500 | ||
|---|---|---|---|
| 005 | 20170206114346.0 | ||
| 010 | _a1617EN ENG-116820 | ||
| 020 |
_a9789385923869 _c499.00 |
||
| 035 | _aB-650649-661 | ||
| 035 | _aEN-100352 | ||
| 037 |
_bBSB _adpl |
||
| 082 | _a515 | ||
| 100 | _aMalik, S.C. | ||
| 245 |
_aMathematical analysis/ _cby S.C.Malik [and] Savita Arora |
||
| 250 | _a5th. ed | ||
| 260 |
_aNew Delhi _bNew age International _c2017 |
||
| 270 |
_a7/30 A, Daryaganj _bNew Delhi _e110002 |
||
| 300 |
_axiv, 870p.: _c24cm(pbk) _bcol.,illus. |
||
| 500 | _aIncludes index | ||
| 700 | _a Arora,Savita | ||
| 942 |
_2ddc _cEN _h515 _mMAL |
||
| 999 |
_c101806 _d101806 |
||